000 09798nam a22007578a 4500
005 20091224100136.0
008 090417s2009 ii 000 0 eng
010 _aB-364639-679
020 _a9788188222322
_c450.00
020 _a8188222321
_c450.00
035 _aB-364639-679
037 _bSurender Kumar & Sons
040 _adpl
_bEnglish
082 _a530.076
100 _aSingh, D.B.
245 _aPhysics for AIEEE:
_cby D.B. Singh
_bresource boo for All India Engineering Entrance Exam: "a complete study package /
260 _aMeerut
_bArihant Prakashan
_c2009
270 _aKalindi, TP Nagar,
_bMeerut
300 _aVarious pagings
_c30cm(pbk)
490 _aLeading Edge Resources series
650 _aAll India Engineering Entrance Exam
650 _aPhysics
_xExaminations, questions, etc.
942 _2ddc
_cEN
_mSIN
_h530.076
999 _c33341
_d33341